Cuentos para antes de apagar la luz. (Registro nro. 2452)

Detalles MARC
000 -LEADER
fixed length control field 01302nam a2200205 a 4500
008 - CAMPO DE CONTROL (LIBRO)
fixed length control field 100617t2013||||ag a|||g |||| pa1pj spa d
020 ## - INTERNATIONAL STANDARD BOOK NUMBER
ISBN 9789876043335
041 ## - CODIGO DE IDIOMA
Código de idioma del texto/pista de sonido o título separado spa
092 ## - SIGNATURA TOPOGRAFICA DEWEY LOCAL
número de clasificación 808.8
libristica 29
sección GHI
100 1# - ENTRADA PRINCIPAL--NOMBRE PERSONAL
Nombre personal Ghiglione, Roberto
9 (RLIN) 3291
245 ## - TITULO PROPIAMENTE DICHO
Título Cuentos para antes de apagar la luz.
Subtítulo y Título paralelo (20 expresiones cortas) /
Mención de responsabilidad y remanente de la transcripción de la portada Roberto Ghiglione.
250 ## - MENCION DE EDICION
Mención de edición 1a ed.
260 ## - PIE DE IMPRENTA
Lugar de publicación, distribución, etc Neuquén:
Nombre de la editorial, distribuidor, etc EDUCO;
Fecha de publicación 2013.
300 ## - DESCRIPCION FISICA
Extension 63 p.
500 ## - NOTA GENERAL
Nota general Ghiglione, R. (2013). Cuentos para antes de apagar la luz. (20 expresiones cortas). (1a ed.). Neuquén : EDUCO.
505 ## - NOTA DE CONTENIDO
Nota de contenido formateada Desde una prosa alegre y didáctica, el autor apela a sus conocimientos históricos, de alto contenido cultural, e incursiona en un ramillete de pasiones humanas. Algunas veces con remates inocentes, otras con perspectiva y sorpresa. Presenta cuentos salidos de las consignas, rápidos y comprometidos; cuentos modernos, ninguno vano. Todos invocan los problemas de nuestras vidas cotidianas y nos dejan sabor a fábula, a ejemplo. Se posan con ironía en las pesadillas diarias e invocan la soledad, el castigo, el agradecimiento, los prejuicios, la decencia, tragedia y crimen, sacrificio y amor, bondad y milagro...
590 ## - NOTAS LOCALES (RLIN)
Nota local Proyecto 4to libro. Donación EDUCO, Septiembre 2017
655 ## - MATERIA - GENERO/FORMA
Género/Forma Cuentos
-- 2945
942 ## - ADDED ENTRY ELEMENTS (KOHA)
Source of classification or shelving scheme Dewey Decimal Classification
Item type LITERATURA
Existencias
Estado de retiro Existencia Fuente de clasificación Estado general No para prestamo Ubicación permanente ubicación actual Sala de ubicación Fecha de adquisición Fuente de adquisición Total Checkouts Número de clasificación Código de barras Date last seen Número de ejemplar Price effective from Koha tipo de elemento (item) Public note
    Dewey Decimal Classification     Biblioteca Medicina Biblioteca Medicina Circulación 19/09/2017 Proyecto 4to libro. Donación EDUCO, Septiembre 2017.   808.8 29 GLI 3919 19/09/2017 Ej. 1 19/09/2017 LITERATURA Proyecto 4to libro. Donación EDUCO, Septiembre 2017.

UNIVERSIDAD NACIONAL DEL COMAHUE
Biblioteca de la Facultad de Ciencias Médicas
Sede Toschi: Los Arrayanes y Av. Toschi, Cipolletti  - Rio Negro
Sede Los Tordos:  Yrigoyen al 2211, Cipolletti - Rio Negro 

Teléfono: 0299 - 4774707 int 25
Contacto: biblioteca@facimed.uncoma.edu.ar
© 2011 - 2026